Nubes - Rauw Alejandro - Estadísticas

Estadísticas generales
  • Esta prueba ha sido intentada 32 veces
  • La puntuación promedio es 171 de 283
Estadísticas de respuestas
Letra % Correcto
A
100%
a
100%
la
100%
las
100%
los
100%
me
100%
Me
100%
nubes
100%
subes
100%
es
83%
No
83%
no
83%
no,
83%
que
83%
83%
tu
83%
amor
67%
caer
67%
cielo
67%
de
67%
De
67%
dejes
67%
el
67%
en
67%
En
67%
este
67%
quiero
67%
y
67%
demo
50%
enamorarme
50%
gustas
50%
lo
50%
miedo
50%
nuevo
50%
si
50%
tanto
50%
te
50%
Te
50%
tengo
50%
ti
50%
tiene
50%
Alejandro
33%
Ay
33%
Con
33%
Cuando
33%
cuerpo
33%
curando
33%
dejando
33%
Dime
33%
estás
33%
ganas
33%
he
33%
jugar
33%
Mami,
33%
mapa
33%
más
33%
nadie
33%
nena,
33%
ojos
33%
pasa
33%
peor
33%
Ra'
33%
Rauw
33%
relación
33%
ríes
33%
salvar
33%
se
33%
Se
33%
siempre
33%
siento
33%
soy
33%
suerte
33%
tenido
33%
tesoro
33%
To'
33%
todavía
33%
Tus
33%
tus
33%
un
33%
ver
33%
viniste
33%
volverte
33%
yo
33%
anda
17%
aquel
17%
atleti
17%
Benedetti
17%
beso
17%
comiendo
17%
confío
17%
cuidar
17%
Enamora'o
17%
escribo
17%
eso
17%
había
17%
jukié
17%
Mario
17%
metí'o
17%
mío
17%
nunca
17%
pero
17%
piernas
17%
poema
17%
sabe
17%
sola,
17%
spaghetti
17%
una
17%
Calloway
0%
coro
0%
ellos
0%
guerra
0%
Hay
0%
por
0%
No se encontraron pruebas coincidentes
Distribución de puntuación
Porcentaje de gente con cada puntuación
Porcentaje por número respondido
Historial de tus puntuaciones
No has intentado esta prueba.